000 00530nam a2200193Ia 4500
003 OSt
005 20200806123243.0
008 190216s9999||||xx |||||||||||||| ||und||
020 _a8173190372
040 _coclc
082 _a512.4
_bMUS/I
100 _aMusili, C
_94010
245 0 _aIntroduction To Rings And Modules /
_cC Musili
250 _a2nd Ed.
260 _bNarosa Pubs House,
_c1997.
_aNew Delhi:
300 _a192p
650 _aMathematics
942 _cBK
_2ddc
_h512.4
_iMUS/I
_k512.4
_mMUS/I
999 _c31080
_d31080